Giáo trình kinh tế thương mại

Saved in:
Bibliographic Details
Main Author: Đặng Đình Đào (Chủ biên)
Other Authors: Hoàng Đức Thân
Format: Book
Published: H. Thống Kê. 2003.
Edition:Tái bản lần 2
Subjects:
Tags: Add Tag
No Tags, Be the first to tag this record!
Institutions: Trung tâm Học liệu Lê Vũ Hùng, Trường Đại học Đồng Tháp
LEADER 00822pam a22002418a 4500
001 00016136
005 20171026081023.0
008 110405s2003 ||||||Viesd
020 |c 55000 
041 0 # |a Vie 
082 1 4 |b GI108TR  |a 330.071 
100 0 # |a Đặng Đình Đào  |e Chủ biên 
245 0 0 |a Giáo trình kinh tế thương mại  |c Đặng Đình Đào, Hoàng Đức Thân 
250 # # |a Tái bản lần 2  |b Chỉnh lý bổ sung 
260 # # |a H.  |b Thống Kê.  |c 2003. 
300 # # |a 478 tr.  |c 21 cm. 
650 # 4 |a Kinh tế thương mại 
653 # # |a Giáo trình 
700 0 # |a Hoàng Đức Thân 
852 # # |b Kho đọc  |j KD.0001567 
852 # # |j KD.0001567 
910 |d 05/04/2011 
980 # # |a Trung tâm Học liệu Lê Vũ Hùng, Trường Đại học Đồng Tháp